| 000 | 01679nam a22002177a 4500 | ||
|---|---|---|---|
| 001 | 6833 | ||
| 003 | FISKH | ||
| 005 | 20250530082814.0 | ||
| 008 | 250530b cb ||||| |||| 00| 0 eng d | ||
| 020 | _a9789996332968 | ||
| 040 |
_aFISKH _bkhr _cFISKH _dFISKH |
||
| 082 | _a291.13 | ||
| 100 | _aSiv, Song | ||
| 245 |
_aប្រជុំនិទានជាតក : _bលំនាំរឿងសាសនា ភាគ៦/ _cសិទ្ធត្ថបណ្ឌិត សុង សុីវ រៀបរៀងជាមួយ ព្រះមហា សំ សុខ សាស្រ្តាចារ្យសាលាបាលីវត្តលង្កា |
||
| 260 |
_aPhnom Penh : _bIBC , _c2002. |
||
| 300 |
_a111 pages : _billustrations ; _c20 cm . |
||
| 520 | _aសៀវភៅនេះផ្តល់នូវការរៀបរៀងរឿងជាតកដែលមានលំនាំសាសនា ដែលជាអត្ថបទសង្ខេបនៃគម្ពីរព្រះត្រៃបិដក។ វាជួយបង្ហាញពីគោលការណ៍នៃព្រះពុទ្ធសាសនាដោយប្រើរឿងរ៉ាវដែលមានអត្ថន័យជាអធិប្បាយសម្រាប់ការបង្រៀន និងការយល់ដឺង ។ | ||
| 520 | _aThis book presents a compilation of Jataka stories with a religious theme, serving as summarized narratives from the Tipitaka scriptures. It helps illustrate the principles of Buddhism through meaningful stories that act as explanatory tools f.or teaching and understanding | ||
| 942 |
_2ddc _cBK _n0 |
||
| 999 |
_c6833 _d6833 |
||